The Female Tradition in Southern Literature
Guardat en:
| Format: | Llibre |
|---|---|
| Idioma: | English |
| Publicat: |
Chicago, Estados Unidos
University of Illinois Press
1993
|
| Matèries: | |
| Etiquetes: |
Afegir etiqueta
Sense etiquetes, Sigues el primer a etiquetar aquest registre!
|
MARC
| LEADER | 00000nam a2200000Ia 4500 | ||
|---|---|---|---|
| 008 | 170316s9999 xx 000 0 eng d | ||
| 020 | |a 0-252-01951-2 | ||
| 040 | |a cru BVZT | ||
| 090 | |a 801 F-5.3f | ||
| 245 | |a The Female Tradition in Southern Literature |c / Carol S. Manning, editora | ||
| 260 | |a Chicago, Estados Unidos | ||
| 260 | |b University of Illinois Press | ||
| 260 | |c 1993 | ||
| 300 | |a 290 páginas | ||
| 650 | |a TEORÍA LITERARIA |9 178 | ||
| 650 | |a EN IDIOMA INGLÉS |9 129 | ||
| 650 | |a LA TRADICIÓN FEMENINA EN LA LITERATURA SUREÑA |9 1406 | ||
| 650 | |a MUJERES ESCRITORAS |9 1407 | ||
| 650 | |a LITERATURA AMERICANA |9 144 | ||
| 999 | |c 30905 |d 30905 | ||
| 942 | |c 15 D |h 801 F-5.3f |2 z | ||



